SCIENCE OF INFLUENCE HOW TO GET ANYONE T (Record no. 16917)
[ view plain ]
| 000 -LEADER | |
|---|---|
| fixed length control field | 00383nam a2200145Ia 4500 |
| 008 - FIXED-LENGTH DATA ELEMENTS--GENERAL INFORMATION | |
| fixed length control field | 240624s9999 xx 000 0 und d |
| 041 ## - LANGUAGE CODE | |
| Language code of text/sound track or separate title | eng |
| 082 ## - DEWEY DECIMAL CLASSIFICATION NUMBER | |
| Classification number | 158.1 HOG |
| 100 ## - MAIN ENTRY--PERSONAL NAME | |
| Personal name | HOGAN KEVIN |
| 245 ## - TITLE STATEMENT | |
| Title | SCIENCE OF INFLUENCE HOW TO GET ANYONE T |
| 250 ## - EDITION STATEMENT | |
| Edition statement | (2nd ed.) |
| 260 ## - PUBLICATION, DISTRIBUTION, ETC. | |
| Date of publication, distribution, etc. | 2011 |
| Place of publication, distribution, etc. | New Jersey |
| Name of publisher, distributor, etc. | John Wiley and Sons |
| 300 ## - PHYSICAL DESCRIPTION | |
| Extent | xiv, : 305 : p. : cm. ; 22 |
| 365 ## - TRADE PRICE | |
| Currency code | |
| Price amount | 27 |
| Withdrawn status | Lost status | Damaged status | Not for loan | Home library | Current library | Shelving location | Date acquired | Source of acquisition | Cost, normal purchase price | Full call number | Barcode | Date last seen | Copy number | Price effective from | Koha item type |
|---|---|---|---|---|---|---|---|---|---|---|---|---|---|---|---|
| IMTN | IMTN | Rack 1-B | 03/28/2011 | BWE | 19.95 | 158.1 HOG | 16917 | 06/24/2024 | 47.9 | 06/24/2024 | Books |